Ghana's shea industry : (Record no. 8482)
[ view plain ]
| 000 -LEADER | |
|---|---|
| fixed length control field | 00787nam a22001697a 4500 |
| 020 ## - INTERNATIONAL STANDARD BOOK NUMBER | |
| ISBN | 9789988221744 |
| 050 ## - CALL NUMBER | |
| Classification number | HD9490.5 |
| Item number | .SH3 |
| 100 ## - AUTHOR | |
| Personal name | Seidu Al-hassan. |
| 245 ## - TITLE | |
| Title | Ghana's shea industry : |
| Remainder of title | knowing the fundamentals / |
| Statement of responsibility, etc | Seidu Al-hassan. |
| 260 ## - PUBLICATION INFORMATION | |
| Place of publication | Tamale, Ghana |
| Name of publisher | Institute for Continuing Education and Interdisciplinary Research, University for Development Studies, |
| Year of publication | 2015 |
| 300 ## - DESCRIPTION | |
| Number of Pages | xi, 131 pages : |
| Other physical details | illustrations (chiefly color) ; |
| Dimensions | 23 cm |
| 500 ## - NOTES | |
| General note | Includes bibliographical references (pages 126-131) |
| 505 ## - FORMATTED CONTENTS NOTE | |
| Table of Content | 1. Introduction<br/>2. The shea processors<br/>3. Production and marketing<br/>4. The Ghana shea value chain<br/>5. The lesson and conclusion's |
| 650 ## - SUBJECTS | |
| Topical Term | Shea butter industry--Ghana Women industrialists--Ghana |
| 942 ## - ADDED ENTRY ELEMENTS (KOHA) | |
| Koha item type | Books |
| Withdrawn status | Lost status | Collection code | Home library | Current library | Shelving location | Date acquired | Source of acquisition | Cost, normal purchase price | Full call number | Accession Number | Koha item type |
|---|---|---|---|---|---|---|---|---|---|---|---|
| Reference | Methodist University Library Wenchi Faculty | Methodist University Library Wenchi Faculty | General Stacks | 01/09/2025 | University of Ghana Book Shop (Main) | 68.00 | HD9490.5 .SH3 | 9072 | Books |